Quiz ortograficzny #14 - Statystyki

Ogólne statystyki
  • Ten quiz został rozwiązany 25 razy
  • Średni wynik to 13 z 15
Statystyki odpowiedzi
Zagadnienie Odpowiedź % Poprawnych
Która forma jest poprawna? halka
100%
Która forma jest poprawna? przychodnia
100%
Która forma jest poprawna? pszenica
100%
Która forma jest poprawna? chciałbym
96%
Która forma jest poprawna? kaloryfer
96%
Która forma jest poprawna? karzeł
96%
Która forma jest poprawna? objąć
96%
Która forma jest poprawna? rozrząd
92%
Która forma jest poprawna? wieża Eiffla
92%
Która forma jest poprawna? poproszę
84%
Która forma jest poprawna? gżegżółka
72%
Która forma jest poprawna? wszerz
72%
Która forma jest poprawna? w Zakopanem
72%
Która forma jest poprawna? newralgiczny
56%
Która forma jest poprawna? Obie formy są poprawne
28%
Nie znaleziono quizów pasujących do podanych kryteriów
Rozkład punktacji
Procent ludzi z każdym wynikiem
Percentyl według liczby udzielonych odpowiedzi
Twoja historia wyników
Nie rozwiązałeś tego quizu